000 00703nmm a22001937a 4500
005 20131213160625.0
008 131213b2010 ck ||||| |||| 00| 0 spa d
041 _aspa
044 _ack
090 _aLB
_b05855
110 _aSistemas departamental de áreas protegidas de Risaralda
_93333
245 _aIV Monitoreo de la biodiversidad :
_bantecedentes, metodologías y resultados
260 _as.l.
_bSistemas departamental de áreas protegidas de Risaralda
_bCorporación Autónoma de Risaralda
_c2010
300 _a36 p.,
_bil., tablas, mapas,
_c13 cm
504 _aIncluye bibliografía
505 _aIncluye contenido
710 _aCorporación autónoma de Risaralda
_93334
942 _2z
_cCD-ROM
999 _c8038
_d8038